000 005370000a22001810004500
003 MACL
005 20160226154141.0
008 160226b xxu||||| |||| 00| 0 eng d
040 _aMACL
_cMACL
041 _aHindi
082 _a800
100 _aउपाध्‍याय रामनारायण
_940719
245 _aबरन्‍शीश नामा
260 _bप्रभात प्रकाशन
_c1980
_aनई दिल्‍ली
350 _a20
650 _aLiterature
_940720
942 _cHIN
_k800
_2ddc
999 _c27086
_d27086